|
|
|
|
| LEADER |
00000cam a2200000 7i4500 |
| 001 |
0000015375 |
| 005 |
20050815.0 |
| 020 |
|
|
|a 0074709135
|
| 040 |
|
|
|a INS
|
| 090 |
0 |
0 |
|a HF5549.5.T7
|b K6963 2003
|
| 100 |
1 |
|
|a Kroehnert, Gary
|
| 245 |
0 |
0 |
|a Basic training for trainers
|c Gary Kroehnert
|
| 250 |
|
|
|a 3rd ed.
|
| 260 |
|
|
|a New South Wales :
|b Mc Graw Hill ,
|c 2003
|
| 300 |
|
|
|a ix :
|b 258p. ;
|c 28cm.
|
| 650 |
0 |
0 |
|a Adult learning
|x Handbooks,manuals,etc
|
| 650 |
0 |
0 |
|a Communication in organizations
|x Handbooks,manual,etc
|
| 650 |
0 |
0 |
|a Occupational training
|x Handbooks,manual,etc
|
| 999 |
|
|
|a 0000015133
|b BOOK
|c Open Shelf
|e Default branch
|